Liedtext - Vielen Dank für die Blumen - Udo Jürgens - Statistiken

Allgemein
  • Dieses Quiz wurde 456 mal gespielt
    45 seit der letzten Aktualisierung
  • Das Durchschnittsergebnis liegt bei 160 aus 280
Antwortstatistiken
Textquiz % Korrekt
Da
100%
da
100%
Dank
100%
die
100%
für
100%
Vielen
100%
vielen
100%
Blumen
98%
dir
98%
von
98%
lieb
95%
wie
95%
das
85%
und
85%
Und
85%
der
80%
ich
78%
Ich
78%
ein
76%
Er
76%
er
76%
du
73%
Du
73%
Es
73%
es
73%
man
73%
wir
73%
mit
71%
dich
68%
im
68%
Leben
68%
Immer
66%
Sie
66%
sie
66%
Katz
63%
Maus
63%
aus
61%
spielt
61%
was
61%
Was
61%
Manchmal
59%
einer
56%
schon
56%
wenn
56%
ist
54%
zu
54%
an
51%
gern
51%
den
49%
geben
49%
mir
49%
hab
46%
mich
46%
nicht
44%
trickst
44%
dass
41%
Denn
41%
gut
41%
uns
41%
war
41%
bei
39%
mein
39%
nur
37%
wird's
37%
ab
34%
blühen
34%
dann
34%
macht
34%
sind
34%
Als
32%
auf
32%
Doch
32%
sich
32%
wäre
32%
auch
29%
bist
29%
hast
29%
Liebe
29%
Mann
29%
einmal
27%
Lächeln
27%
Rosen
27%
rote
27%
verlier
27%
hat
24%
Mimosen
24%
sagen
24%
alles
22%
beim
22%
erste
22%
ersten
22%
hier
22%
ohne
22%
weiß
22%
mal
20%
Tat
20%
tat
20%
woll'n
20%
Chef
17%
Frau
17%
Blick
15%
geh'n
15%
soll
15%
wieder
15%
Augen
12%
Herbstzeitlosen
12%
nächsten
12%
probier'n
12%
Souvenir
12%
tröstend
12%
wie's
12%
wohl
12%
angeschrieben
10%
Glück
10%
machte
10%
ran
10%
sagte
10%
schönste
10%
Sekretärin
10%
übertrieben
10%
verlier'n
10%
weiter
10%
bat
7%
Betrieb
7%
Dieter
7%
fang
7%
ganz
7%
heiße
7%
jemals
7%
Möglichstes
7%
richtig
7%
schrecklich
7%
süß
7%
versteh'n
7%
betört
5%
dachte
5%
fühlte
5%
klar
5%
erhört
2%
genau
2%
sah
2%
schlug
2%
Stillen
2%
wußte
2%
diesmal
0%
Keine übereinstimmenden Quizze gefunden
Verteilung der Resultate
Anzahl Personen mit jedem Resultat
Perzentil nach korrekt beantworteten Fragen
Ihre Resultats-Entwicklung
Sie haben dieses Quiz seit der letzten Aktualisierung nicht gespielt